| 000 | 00592nam a22001817a 4500 | ||
|---|---|---|---|
| 020 | _a188459087X | ||
| 022 | _a1884590888 | ||
| 022 | _a1884590934 | ||
| 022 | _a1884590942 | ||
| 082 |
_a624.18341 _bUNI _cN-01, P-89 |
||
| 110 |
_aInternational Conference of Building Officials. _943284 |
||
| 245 |
_a1997 uniform building code vol-1 / _cInternational Conference of Building Officials. |
||
| 260 |
_aCalifronia : _bInternational Conference of Building Officials. _c1994. |
||
| 300 | _aMisc Pages. | ||
| 526 |
_a0 _b0 _c0 _d624_183410000000000_UNI |
||
| 650 |
_aNUST _96342 |
||
| 942 |
_2ddc _cBK |
||
| 999 |
_c547102 _d547102 |
||